| 000 | 00466pab a2200157 454500 | ||
|---|---|---|---|
| 008 | 180718b2017 xxu||||| |||| 00| 0 eng d | ||
| 100 | _aDahlberg, Stefan | ||
| 245 | _aThe dynamics of the winner-loser gap in satisfaction with democracy: evidence from a Swedish citizen panel | ||
| 260 | _c2017 | ||
| 300 | _ap.625-641. | ||
| 362 | _aNov | ||
| 650 | _aDemocracy | ||
| 700 | _aLinde, Jonas | ||
| 773 | _aInternational Political Science Review | ||
| 909 | _a116624 | ||
| 999 |
_c116618 _d116618 |
||